Analysis of latex expressed sequence tags (ESTs) in Hevea brasiliensis (Record no. 54231)

MARC details
000 -LEADER
fixed length control field 00582nam a2200169Ia 4500
100 ## - MAIN ENTRY--AUTHOR NAME
Personal name Chow Keng-See
245 #0 - TITLE STATEMENT
Title Analysis of latex expressed sequence tags (ESTs) in Hevea brasiliensis
260 ## - PUBLICATION, DISTRIBUTION, ETC. (IMPRINT)
Name of publisher Biotechnology and Rubber Tree : Proceedings of IRRDB Symposium 25-28 September 2001. CIRAD-CP/Rubber Programme, Montpellier, France
650 ## - SUBJECT ADDED ENTRY--TOPICAL TERM
Topical Term Hevea brasiliensis
650 ## - SUBJECT ADDED ENTRY--TOPICAL TERM
Topical Term Latex expressed sequence tags
700 ## - ADDED ENTRY--PERSONAL NAME
Personal name Harikrishna K
700 ## - ADDED ENTRY--PERSONAL NAME
Personal name Sunderasan E
700 ## - ADDED ENTRY--PERSONAL NAME
Personal name Tan S-H
700 ## - ADDED ENTRY--PERSONAL NAME
Personal name Yeang H-Y
942 ## - ADDED ENTRY ELEMENTS (KOHA)
Koha item type Journals
Holdings
Withdrawn status Lost status Damaged status Not for loan Home library Current library Shelving location Date acquired Koha item type
      Journals RRII Library RRII Library Biotechnology 01/01/2021 Journals